Tatort Episodenliste 2020-2025 - Statistiken

Allgemein
  • Dieses Quiz wurde 112 mal gespielt
  • Das Durchschnittsergebnis liegt bei 71 aus 172
Antwortstatistiken
Jahr Nummer Stadt Name % Korrekt
2022 1190 Dortmund Liebe mich!
100%
2024 1279 Kiel Borowski und das ewige Meer
80%
2024 1272 Wien Deine Mutter
80%
2024 1277 Ludwigshafen Dein gutes Recht
80%
2023 1222 Dortmund Du bleibst hier
80%
2024 1271 Schwarzwald Letzter Ausflug Schauinsland
80%
2024 1286 Dortmund Made in China
80%
2024 1276 Wiesbaden Murot und das 1000-jährige Reich
80%
2022 1192 Münster Propheteus
80%
2024 1265 Münster Unter Gärtnern
80%
2024 1268 Zürich Von Affen und Menschen
80%
2023 1229 Köln Abbruchkante
60%
2022 1196 Wien Alles was Recht ist
60%
2024 1270 Berlin Am Tag der wandernden Seelen
60%
2024 1256 Ludwigshafen Avatar
60%
2023 1251 Kiel Borowski und das unschuldige Kind von Wacken
60%
2024 1263 Kiel Borowski und der Wiedergänger
60%
2024 1262 Dortmund Cash
60%
2023 1237 Schwarzwald Das geheime Leben unserer Kinder
60%
2020 1115 Dortmund Das Team
60%
2022 1207 Ludwigshafen Das Verhör
60%
2024 1264 Wien Dein Verlust
60%
2023 1253 Münster Der Mann, der in den Dschungel fiel
60%
2023 1241 Stuttgart Die Nacht der Kommissare
60%
2023 1230 Bremen Donuts
60%
2024 1274 Frankfurt am Main Es grünt so grün, wenn Frankfurts Berge blüh'n
60%
2024 1285 Zürich Fährmann
60%
2023 1238 München Game Over
60%
2023 1242 Ludwigshafen Gold
60%
2022 1217 Dresden Katz und Maus
60%
2023 1248 München Königinnen
60%
2020 1141 Wien Krank
60%
2024 1280 Stuttgart Lass sie gehen
60%
2022 1202 Bremen Liebeswut
60%
2023 1234 Dortmund Love is pain
60%
2024 1284 Münster Man stirbt nur zweimal
60%
2020 1130 Göttingen National feminin
60%
2024 1257 Köln Pyramide
60%
2022 1208 Zürich Risiken mit Nebenwirkungen
60%
2024 1281 Köln Siebte Etage
60%
2023 1221 Dresden Totes Herz
60%
2022 1194 Hamburg Tyrannenmord
60%
2024 1278 Dresden Unter Feuer
60%
2022 1199 Nürnberg Warum
60%
2021 1182 München Wunder gibt es immer wieder
60%
2024 1273 Schwarzwald Ad Acta
40%
2021 1183 Göttingen Alles kommt zurück
40%
2023 1239 Wien Azra
40%
2021 1175 Mainz Blind Date
40%
2023 1244 Zürich Blinder Fleck
40%
2021 1173 Kiel Borowski und der gute Mensch
40%
2022 1197 Kiel Borowski und der Schatten des Mondes
40%
2023 1236 Kiel Borowski und die große Wut
40%
2020 1128 Saarbrücken Das fleißige Lieschen
40%
2022 1187 Saarbrücken Das Herz der Schlange
40%
2022 1203 Dresden Das kalte Haus
40%
2022 1201 Berlin Das Mädchen, das allein nach Haus' geht
40%
2022 1218 Berlin Das Opfer
40%
2020 1124 Berlin Das perfekte Verbrechen
40%
2024 1260 München Das Wunderkind
40%
2024 1259 Saarbrücken Der Fluch des Geldes
40%
2021 1162 Saarbrücken Der Herr des Waldes
40%
2020 1134 Weimar Der letzte Schrey
40%
2023 1252 Köln Des anderen Last
40%
2022 1186 Münster Des Teufels langer Atem
40%
2021 1170 Berlin Die dritte Haut
40%
2020 1120 Hamburg Die goldene Zeit
40%
2020 1129 Frankfurt am Main Die Guten und die Bösen
40%
2023 1224 Saarbrücken Die Kälte der Erde
40%
2021 1178 Berlin Die Kalten und die Toten
40%
2022 1212 Göttingen Die Rache an der Welt
40%
2024 1269 Köln Diesmal ist es anders
40%
2020 1127 Dresden Die Zeit ist gekommen
40%
2021 1177 München Dreams
40%
2022 1216 Münster Ein Freund, ein guter Freund
40%
2020 1139 Berlin Ein paar Worte nach Mitternacht
40%
2020 1148 Münster Es lebe der König!
40%
2022 1198 Frankfurt am Main Finsternis
40%
2022 1205 München Flash
40%
2020 1137 Frankfurt amMain Funkstille
40%
2024 1261 Göttingen Geisterfahrt
40%
2022 1185 Dortmund Gier und Angst
40%
2021 1157 Dortmund Heile Welt
40%
2021 1156 Ludwigshafen Hetzjagd
40%
2020 1146 München,Dortmund In der Familie (1)
40%
2020 1147 München,Dortmund In der Familie (2)
40%
2022 1191 München Kehraus
40%
2023 1254 Frankfurt am Main Kontrollverlust
40%
2020 1126 Göttingen Krieg im Kopf
40%
2022 1213 Frankfurt am Main Leben Tod Ekstase
40%
2023 1223 Ludwigshafen Lenas Tante
40%
2020 1143 Münster Limbus
40%
2021 1176 Frankfurt am Main Luna frisst oder stirbt
40%
2021 1164 Hamburg Macht der Familie
40%
2023 1227 Münster MagicMom
40%
2022 1200 Ludiwigshafen Marlon
40%
2021 1180 Dortmund Masken
40%
2020 1119 Dortmund Monster
40%
2022 1219 München Mord unter Misteln
40%
2022 1210 Wiesbaden Murot und das Gesetz des Karma
40%
2021 1169 Bremen Neugeboren
40%
2023 1231 Berlin Nichts als Wahrheit (1)
40%
2023 1232 Berlin Nichts als Wahrheit (2)
40%
2020 1144 Dresden Parasomnia
40%
2021 1155 Dresden Rettung so nah
40%
2022 1193 Zürich Schattenkinder
40%
2022 1204 Hamburg Schattenleben
40%
2024 1267 München Schau mich an
40%
2021 1158 Zürich Schoggiläbe
40%
2023 1220 Köln Schutzmaßnahmen
40%
2024 1282 Hamburg Schweigen
40%
2023 1235 Zürich Seilschaft
40%
2024 1283 Bremen Stille Nacht
40%
2021 1154 Hamburg Tödliche Flut
40%
2024 1275 Nürnberg Trotzdem
40%
2020 1116 Hamburg Tschill Out
40%
2021 1181 Bremen Und immer gewinnt die Nacht
40%
2021 1174 Dresden Unsichtbar
40%
2020 1149 Wien Unten
40%
2023 1225 Schwarzwald Unten im Tal
40%
2020 1150 Ludwigshafen Unter Wölfen
40%
2023 1233 Hamburg Verborgen
40%
2022 1188 Köln Vier Jahre
40%
2024 1255 Hamburg Was bleibt
40%
2023 1249 Dresden Was ihr nicht seht
40%
2023 1226 Wien Was ist das für eine Welt
40%
2021 1165 Schwarzwald Was wir erben
40%
2024 1258 Stuttgart Zerrissen
40%
2020 1140 Zürich Züri brännt
40%
2024 1266 Bremen Angst im Dunkeln
20%
2023 1246 Wien Bauernsterben
20%
2020 1131 Kiel Borowski und der Fluch derweißen Möwe
20%
2021 1159 Kiel Borowski und die Angst der weißen Männer
20%
2021 1153 Stuttgart Das ist unser Haus
20%
2022 1211 Wien Das Tor zur Hölle
20%
2021 1163 Ludwigshafen Der böse König
20%
2021 1151 Weimar Der feine Geist
20%
2022 1209 Stuttgart Der Mörder in mir
20%
2021 1172 Köln Der Reiz des Bösen
20%
2021 1152 Köln Der Tod der Anderen
20%
2020 1142 Stuttgart Der Welten Lohn
20%
2021 1161 Wien Die Amme
20%
2022 1215 Schwarzwald Die Blicke der Anderen
20%
2020 1145 Wiesbaden Die Ferien des Monsieur Murot
20%
2020 1122 Nürnberg Die Nacht gehört dir
20%
2020 1133 Ludwigshafen Du allein
20%
2023 1243 Frankfurtam Main Erbarmen. Zu spät.
20%
2020 1132 Köln Gefangen
20%
2023 1228 München Hackl
20%
2023 1240 Nürnberg Hochamt für Toni
20%
2022 1195 Köln Hubertys Rache
20%
2020 1121 Schwarzwald Ich hab im Traum geweinet
20%
2020 1117 Köln Kein Mitleid, keine Gnade
20%
2020 1135 München Lass den Mond am Himmelstehn
20%
2020 1123 Ludwigshafen Leonessa
20%
2023 1247 Wiesbaden Murot und das Paradies
20%
2021 1179 Wiesbaden Murot und das Prinzip der Hoffnung
20%
2020 1125 Köln Niemals ohne mich
20%
2020 1136 Wien Pumpen
20%
2020 1138 Schwarzwald Rebland
20%
2021 1166 Münster Rhythm and Love
20%
2022 1189 Schwarzwald Saras Geständnis
20%
2022 1214 Köln Spur des Blutes
20%
2020 1118 München Unklare Lage
20%
2023 1250 Stuttgart Vergebung
20%
2021 1167 Wien Verschwörung
20%
2022 1184 Stuttgart Videobeweis
20%
2021 1171 Frankfurt am Main Wer zögert, ist tot
20%
2021 1160 Köln Wie alle anderen auch
20%
2021 1168 Nürnberg Wo ist Mike?
20%
2023 1245 Mainz Aus dem Dunkel
0%
2022 1206 Mainz In seinen Augen
0%
Keine übereinstimmenden Quizze gefunden
Verteilung der Resultate
Anzahl Personen mit jedem Resultat
Perzentil nach korrekt beantworteten Fragen
Ihre Resultats-Entwicklung
Sie haben dieses Quiz noch nicht gespielt